[Event "Abu Dhabi op 18th"]
[Site "Abu Dhabi"]
[Date "2008.09.10"]
[Round "8"]
[White "Sajeed, TA."]
[Black "Gagunashvili, Merab"]
[Result "0-1"]
[WhiteElo "1942"]
[BlackElo "2566"]
[PlyCount "64"]
[EventDate "2008.09.06"]
[EventType "swiss (rapid)"]
[EventRounds "9"]
[EventCountry "UAE"]
[SourceTitle "EXT 2009"]
[Source "ChessBase"]
[SourceDate "2008.11.26"]
[SourceVersion "1"]
[SourceVersionDate "2008.11.26"]
[SourceQuality "1"]

1. c4 e5 2. Nc3 Nf6 3. d3 Nc6 4. Nf3 d5 5. cxd5 Nxd5 6. Bd2 Be7 7. g3 0-0 8. Nxd5 Qxd5 9. Bg2 Qd6 10. 0-0 Kh8 11. Bc3 Be6 12. a3 f6 13. Qa4 Rfd8 14. Rad1 Nd4 15. Bxd4 exd4 16. Nd2 c6 17. Ne4 Qe5 18. Qc2 Bd5 19. e3 dxe3 20. fxe3 f5 21. d4 Bxe4 22. Bxe4 Qxe4 23. Qxe4 fxe4 24. Rf4 Bg5 25. Rxe4 Re8 26. Rg4 Bxe3+ 27. Kg2 g6 28. h4 Rad8 29. Re1 Bd2 30. Rf1 Re2+ 31. Kh3 Kg7 32. Rf3 h5 0-1